| 000 | 00000nam 2200000za 4500 |
| 001 | 9.615304 |
| 003 | CaOODSP |
| 005 | 20210615101053 |
| 007 | ta |
| 008 | 150406|2000||||xxc||||| f|0| 0 eng d |
| 020 | |a0-662-29317-7 |
| 040 | |aCaOODSP|beng |
| 043 | |an-cn--- |
| 086 | 1 |aA54-8/2000-1E |
| 110 | 1 |aCanada. |bAgriculture and Agri-Food Canada. |bResearch Branch. |
| 245 | 14|aThe effects of chronological age, slaughter weight, and gender on lamb : |ba review / |cby L. E. Jeremiah. |
| 260 | |aLacombe - Alberta : |bAgriculture and Agri-Food Canada. |c2000. |
| 300 | |a19p. : |breferences, tables ; |c22 cm. |
| 490 | 1 |aTechnical bulletin|v2000-1E |
| 546 | |aRésumé en français |
| 563 | |aSoftcover |
| 590 | |a00-45|b2000-11-10 |
| 690 | 07|aSheep|2gcpds |
| 690 | 07|aAgri-food products|2gcpds |
| 720 | 1 |aJeremiah, L. E. |
| 776 | 0#|tThe effects of chronological age, slaughter weight, and gender on lamb |w(CaOODSP)9.581632 |
| 830 | #0|aTechnical bulletin ;|v2000-1E|w(CaOODSP)9.514411 |